[Event "HUN-ch"]
[Site "Budapest"]
[Date "1978.??.??"]
[Round "?"]
[White "Petran, Pal"]
[Black "Tompa, Janos"]
[Result "1/2-1/2"]
[WhiteElo "2400"]
[BlackElo "2400"]

1.d4 Nf6 2.c4 e6 3.Nf3 b6 4.Nc3 Bb7 5.Bg5 h6 6.Bh4 g5 7.Bg3 Nh5 8.e3 Nxg3
9.hxg3 Bg7 10.g4 Qe7 11.Bd3 Nc6 12.a3 O-O-O 13.Qa4 h5 14.gxh5 g4 15.Nd2 f5
16.O-O-O f4 17.Nb3 fxe3 18.fxe3 Qg5 19.Kb1 Qxe3 20.Rhe1 Qf2 21.Re2 Qf4 22.Be4 Kb8
23.d5 Ne7 24.Nd4 Bxd4 25.Rxd4 e5 26.Red2 d6 27.Rf2 Qh6 28.Rd1 Rdf8 29.Rdf1 Bc8
30.Rf7 a6 31.Qd1 Rxf7 32.Rxf7 Qg5 33.Qc1 Qg8 34.Rxe7 Qf8 35.Qg5 Qf1+ 36.Kc2 Rf8
37.Qg7 Rf2+ 38.Kb3 Qc1 39.Rxc7 Rxb2+ 40.Ka4 Qxc3 41.Rxc8+ Kxc8  1/2-1/2

[Event "Buenos Aires ol (Men)"]
[Site "Buenos Aires"]
[Date "1978.??.??"]
[Round "?"]
[White "Spassov, Liuben"]
[Black "Romanishin, Oleg M"]
[Result "1/2-1/2"]
[WhiteElo "2450"]
[BlackElo "2610"]

1.d4 Nf6 2.c4 e6 3.Nf3 b6 4.Nc3 Bb4 5.e3 Ne4 6.Qc2 Bb7 7.Bd3 Bxc3+ 8.bxc3 Ng5
9.e4 Nxf3+ 10.gxf3 Qf6 11.Ke2 e5 12.Be3 Nc6 13.d5 Ne7 14.h4 Ng6 15.Bg5 Qd6
16.h5 Nf4+ 17.Bxf4 exf4 18.Rh4 g5 19.hxg6 fxg6 20.Rh6 O-O-O 21.Rah1 Qe7 22.Qa4 Kb8
23.Qb4 d6 24.Kd2 Qg7 25.Qb1 Qd7 26.Bf1 Qg7 27.Bd3 Qd7 28.Bf1 Qg7  1/2-1/2

[Event "Buenos Aires ol (Men)"]
[Site "Buenos Aires"]
[Date "1978.??.??"]
[Round "?"]
[White "Calvo Minguez, Ricardo"]
[Black "Huss, Andreas"]
[Result "0-1"]
[WhiteElo "2455"]
[BlackElo "2340"]

1.d4 Nf6 2.c4 e6 3.Nf3 b6 4.Nc3 Bb4 5.e3 Bb7 6.Bd3 O-O 7.O-O c5 8.a3 Bxc3
9.bxc3 Be4 10.Be2 Nc6 11.Ne1 Na5 12.d5 Ne8 13.f3 Bg6 14.e4 Nd6 15.Qa4 e5
16.Nd3 Ndxc4 17.Nxc5 Qe7 18.Na6 Rac8 19.g4 h5 20.h3 Nd6 21.Qb4 Nac4 22.Ra2 Qh4
23.Bxc4 Nxc4 24.Rh2 Qf6 25.a4 Na5 26.g5 Qd8 27.d6 Rc4 28.Qb5 f5 29.gxf6 Qxf6
30.Qxd7 Bxe4 31.Rhf2 Bf5 32.Qe7 Bxh3 33.Qxf6 Rxf6 34.Rd1 Bd7 35.Bg5 Rf7 36.Be7 Nc6
37.Nb4 Nxe7 38.dxe7 Rxe7 39.Nd5 Rf7 40.Re1 Bxa4 41.Rxe5  0-1

[Event "Clarin"]
[Site "Buenos Aires"]
[Date "1978.??.??"]
[Round "3"]
[White "Panno, Oscar"]
[Black "Keene, Raymond D"]
[Result "1/2-1/2"]
[WhiteElo "2580"]
[BlackElo "2480"]

1.d4 Nf6 2.c4 e6 3.Nf3 b6 4.Nc3 Bb4 5.e3 Bb7 6.Bd3 O-O 7.O-O c5 8.Na4 Qe7
9.a3 Ba5 10.Nd2 Bc6 11.Nc3 d5 12.Qe2 Qb7 13.f3 cxd4 14.exd4 Bxc3 15.bxc3 Nbd7
16.Re1 Rfe8  1/2-1/2

[Event "Dortmund"]
[Site "Dortmund"]
[Date "1978.??.??"]
[Round "8"]
[White "Wirthensohn, Heinz"]
[Black "Marjanovic, Slavoljub"]
[Result "1/2-1/2"]
[WhiteElo "2410"]
[BlackElo "2450"]

1.c4 e6 2.d4 Nf6 3.Nf3 b6 4.Nc3 Bb7 5.Bg5 h6 6.Bh4 Bb4 7.e3 g5 8.Bg3 Ne4
9.Qc2 d6 10.Bd3 Bxc3+ 11.bxc3 Nxg3 12.fxg3 Nd7 13.O-O Qe7 14.a4 a5 15.Rf2 O-O-O
16.Be4 Ba6 17.Nd2 Rdf8 18.Rb1 g4 19.c5 dxc5 20.Bd3 Bb7 21.Be4 Ba6 22.Bd3 Bb7
23.Be4 Ba6  1/2-1/2

[Event "DSV-Turnier"]
[Site "Halle"]
[Date "1978.??.??"]
[Round "3"]
[White "Malich, Burkhard"]
[Black "Skrobek, Ryszard"]
[Result "1/2-1/2"]
[WhiteElo "2535"]
[BlackElo "2460"]

1.d4 Nf6 2.Nf3 e6 3.c4 b6 4.Nc3 Bb4 5.e3 Ne4 6.Qc2 Bb7 7.Bd2 Nxd2 8.Qxd2 O-O
9.a3 Bxc3 10.Qxc3 d6 11.Be2 Nd7 12.O-O c5 13.Rfd1 Qc7 14.Rac1 Rac8 15.Nd2 Nf6
16.Qd3 Ba6 17.b4 Rfd8 18.Qb1 Rd7 19.h3 h6 20.Bf3 Bb7 21.Qd3 Bxf3 22.Nxf3 Qb7
23.Qb3  1/2-1/2

[Event "Lvov zt"]
[Site "Lvov"]
[Date "1978.??.??"]
[Round "5"]
[White "Balashov, Yuri S"]
[Black "Romanishin, Oleg M"]
[Result "1-0"]
[WhiteElo "2590"]
[BlackElo "2610"]

1.d4 Nf6 2.c4 e6 3.Nf3 b6 4.Nc3 Bb4 5.e3 Bb7 6.Bd3 Ne4 7.O-O Nxc3 8.bxc3 Bxc3
9.Rb1 Nc6 10.Rb3 Ba5 11.e4 h6 12.d5 Ne7 13.Bb2 O-O 14.Ne5 Ng6 15.Ng4 Qe7
16.f4 f5 17.exf5 exf5 18.Nxh6+ gxh6 19.Qh5 Kh7 20.Bxf5 Rxf5 21.Qxf5 Rf8 22.Qc2 Qc5+
23.Kh1 Bxd5 24.Rg3 Rg8 25.f5 Nf8 26.f6+ Rg6 27.Rxg6 Nxg6 28.f7  1-0

[Event "HUN-ch"]
[Site "Budapest"]
[Date "1979.??.??"]
[Round "3"]
[White "Farago, Ivan"]
[Black "Rigo, Janos"]
[Result "0-1"]
[WhiteElo "2510"]
[BlackElo "2385"]

1.d4 Nf6 2.c4 e6 3.Nf3 b6 4.Nc3 Bb7 5.a3 Be7 6.d5 O-O 7.e4 exd5 8.exd5 Re8
9.Be2 c6 10.O-O cxd5 11.cxd5 d6 12.b4 Nbd7 13.Qb3 Bf8 14.Nd4 Rc8 15.Bb2 a6
16.a4 g6 17.Nc6 Qc7 18.Rfc1 Ra8 19.Nb5 Qc8 20.Nbd4 Bxc6 21.dxc6 Ne5 22.f4 Neg4
23.h3 Ne3 24.Bf3 d5 25.Nc2 Nxc2 26.Rxc2 Qf5 27.Rf1 Bd6 28.g4 Qxf4 29.Bxd5 Nxd5
30.Rxf4 Nxf4 31.Rd2 Re6 32.Kf1 Rc8 33.Qc3 f6 34.Qc4 Kg7 35.c7 Re1+ 36.Kf2 Nxh3+
37.Kg2 Rg1+  0-1

[Event "HUN-ch"]
[Site "Budapest"]
[Date "1979.??.??"]
[Round "15"]
[White "Petran, Pal"]
[Black "Vadasz, Laszlo"]
[Result "1/2-1/2"]
[WhiteElo "2410"]
[BlackElo "2490"]

1.d4 Nf6 2.c4 e6 3.Nf3 b6 4.Nc3 Bb7 5.a3 Ne4 6.Nxe4 Bxe4 7.Bf4 Be7 8.e3 d6
9.Bd3 Bxd3 10.Qxd3 O-O 11.e4 c5 12.d5 exd5 13.Qxd5 Nd7 14.Rd1 Nf6 15.Qd3 Qc8
16.O-O Qg4 17.Bg5 h6 18.h3 Qe6 19.Bxf6 Bxf6 20.b3 Rfd8 21.Qc2 Rab8 22.Rd5  1/2-1/2

[Event "Lodz"]
[Site "Lodz"]
[Date "1979.??.??"]
[Round "11"]
[White "Inkiov, Ventzislav"]
[Black "Augustin, Josef"]
[Result "1-0"]
[WhiteElo "2460"]
[BlackElo "2430"]

1.d4 Nf6 2.c4 e6 3.Nf3 b6 4.Nc3 Bb7 5.a3 d5 6.cxd5 exd5 7.Bf4 Be7 8.e3 O-O
9.Bd3 c5 10.O-O Na6 11.Ne5 Nc7 12.Qa4 Ne6 13.Bg3 cxd4 14.exd4 a6 15.Bf5 b5
16.Qd1 Qb6 17.Bxe6 Qxe6 18.Qb3 Nh5 19.Rfe1 Nxg3 20.hxg3 Qd6 21.Re2 Rfd8 22.Rae1 Bf8
23.Ne4 Qb6 24.Nxf7 Kxf7 25.Ng5+ Kg8 26.Re6 Qxd4 27.Qc2 g6 28.Qc7 Qg7 29.Re7 Qf6
30.Rxh7 Bg7 31.Re7 Bf8 32.Re6 Rac8 33.Rh8+  1-0

[Event "Lodz"]
[Site "Lodz"]
[Date "1979.??.??"]
[Round "15"]
[White "Inkiov, Ventzislav"]
[Black "Balinas, Rosendo Carrean"]
[Result "1-0"]
[WhiteElo "2460"]
[BlackElo "2365"]

1.d4 Nf6 2.c4 e6 3.Nf3 b6 4.Nc3 Bb7 5.a3 d5 6.cxd5 Nxd5 7.e3 Nd7 8.Bd3 Nxc3
9.bxc3 Bd6 10.e4 e5 11.Bg5 Qc8 12.O-O O-O 13.Nh4 Re8 14.f4 exd4 15.e5 Bf8
16.cxd4 Bd5 17.Nf5 Qb7 18.Qg4 Qc6 19.Rac1 Qa4 20.Bc2 Qb5 21.Nxg7 f5 22.Bxf5 Bxg7
23.Bxd7  1-0

[Event "Lone Pine op"]
[Site "Lone Pine"]
[Date "1979.??.??"]
[Round "5"]
[White "Matera, Salvatore"]
[Black "Ostojic, Predrag"]
[Result "1/2-1/2"]
[WhiteElo "2415"]
[BlackElo "2410"]

1.d4 Nf6 2.c4 e6 3.Nf3 b6 4.Nc3 Bb7 5.e3 Be7 6.Bd3 d5 7.b3 O-O 8.O-O Nbd7
9.Bb2 Ne4 10.Qe2 a6 11.Rad1 Bd6 12.Ne5 f5 13.f3 Nxc3 14.Bxc3 a5 15.Nxd7 Qxd7
16.e4 dxe4 17.fxe4 Bxe4 18.Bxe4 fxe4 19.Qxe4 Rxf1+ 20.Rxf1 Rf8 21.Rxf8+  1/2-1/2

[Event "Rubinstein mem"]
[Site "Polanica Zdroj"]
[Date "1979.??.??"]
[Round "5"]
[White "Razuvaev, Yuri S"]
[Black "Kruszynski, Wlodzimierz"]
[Result "1-0"]
[WhiteElo "2470"]
[BlackElo "2285"]

1.d4 Nf6 2.c4 e6 3.Nf3 b6 4.Nc3 Bb7 5.Qc2 c5 6.dxc5 Bxc5 7.Bg5 h6 8.Bh4 O-O
9.e3 Be7 10.Be2 d5 11.O-O dxc4 12.Rfd1 Qc8 13.e4 Re8 14.e5 Nd5 15.Bxe7 Nxc3
16.Qxc3 Rxe7 17.Qxc4 Rc7 18.Qf4 Nd7 19.Nd2 Qf8 20.Ne4 Nc5 21.Nd6 Bd5 22.Rac1 Re7
23.b4 Nb7 24.Nf5 Rd7 25.Ne3 Rad8 26.Bb5 Re7 27.Nxd5 Rxd5 28.Rxd5 exd5 29.Bc6 Rc7
30.e6 Qc8 31.exf7+ Kf8 32.b5 Rxf7 33.Qb4+ Nc5 34.Bxd5 Rf5 35.Bf3 Qc7 36.h3 Qf7
37.Qd2 Kg8 38.Rd1 Qc4  1-0

[Event "CSR-ch"]
[Site "Trencianske Teplice"]
[Date "1979.??.??"]
[Round "1"]
[White "Barczay, Laszlo"]
[Black "Ambroz, Jan"]
[Result "1/2-1/2"]
[WhiteElo "2470"]
[BlackElo "2600"]

1.d4 e6 2.c4 Nf6 3.Nf3 b6 4.Nc3 Bb7 5.a3 d5 6.cxd5 exd5 7.g3 Nbd7 8.Bg2 Be7
9.O-O O-O 10.Bf4 Ne4 11.Rc1 Bd6 12.Bxd6 cxd6 13.Nd2 Ndf6 14.Ndb1 h5 15.e3 Qd7
16.Qe2 g6 17.f3 Nxc3 18.Nxc3 Rfe8 19.Rfe1 Re7 20.Qf2 Rae8 21.Bf1 a6 22.Bd3 Kg7
23.Re2 b5 24.Nd1 Qd8 25.Nc3 Qb6 26.h3 Rh8 27.e4 Rhe8 28.Rce1 Bc8 29.e5 dxe5
30.dxe5 Qxf2+ 31.Kxf2 Nd7 32.Nxd5 Rxe5 33.Nb4 Rxe2+ 34.Bxe2 Nc5 35.h4 Na4
36.b3 Nc5 37.a4  1/2-1/2

[Event "Tirnavia-A"]
[Site "Trnava"]
[Date "1979.??.??"]
[Round "13"]
[White "Ftacnik, Lubomir"]
[Black "Moehring, Guenther"]
[Result "1-0"]
[WhiteElo "2430"]
[BlackElo "2400"]

1.d4 Nf6 2.c4 e6 3.Nf3 b6 4.Nc3 Bb7 5.a3 d5 6.cxd5 exd5 7.g3 Be7 8.Bg2 O-O
9.O-O c5 10.Bf4 Nc6 11.dxc5 bxc5 12.Ne5 Nd4 13.b4 cxb4 14.Qxd4 bxc3 15.Rab1 Qc8
16.Rfc1 c2 17.Rb3 Ba6 18.Rc3 Qb7 19.R1xc2 Rac8 20.Rxc8 Rxc8 21.Rxc8+ Qxc8
22.Qxa7 Kf8 23.Bh3 Qb7 24.Qxb7 Bxb7 25.a4 Ne4 26.Bd7 Nc3 27.Kf1 Ba3 28.Bd2 d4
29.Ke1 Ke7 30.Bc6 Ba6 31.e3 Bc5 32.exd4 Bxd4 33.Nf3 Bf6 34.Bf4 Na2 35.Bb5 Bb7
36.Nd2 Nc3 37.Nc4 Ke6 38.Na5 Bd5 39.Kd2 g5 40.Be3 Ne4+ 41.Kc2 g4 42.Bc4 Bc3
43.Bxd5+ Kxd5 44.Nb3 Be1 45.Kd3 Bxf2 46.a5 f5 47.a6 Kc6 48.Na5+  1-0

[Event "URS Spartakiad"]
[Site "URS"]
[Date "1979.??.??"]
[Round "?"]
[White "Zaichik, Gennadi"]
[Black "Razuvaev, Yuri S"]
[Result "0-1"]
[WhiteElo "2465"]
[BlackElo "2470"]

1.d4 Nf6 2.c4 e6 3.Nf3 b6 4.Nc3 Bb7 5.a3 Ne4 6.Nxe4 Bxe4 7.Bf4 Be7 8.e3 O-O
9.Bd3 f5 10.Bxe4 fxe4 11.Nd2 d5 12.O-O Nd7 13.Qa4 Nf6 14.Qc6 Bd6 15.cxd5 exd5
16.Bxd6 Qxd6 17.Rac1 Rac8 18.Nb1 Rfd8 19.h3 Ne8 20.Qa4 Qd7 21.Qxa7 Nd6 22.b3 Rf8
23.Qa6 Rf6 24.Nc3 c6 25.Qxb6 Nf5 26.Qa6 Rcf8 27.Ne2 Nh4 28.Rc2 Rh6 29.Rfc1 Nf3+
30.Kf1 Rxh3 31.gxf3 exf3 32.Ng1 Rh1 33.Qxc6 Qf5 34.Qb5 Qg5 35.Ke1 Rxg1+ 36.Kd2 Rg2
37.Kc3 Rxf2 38.Kb2 Rxc2+ 39.Kxc2 Qxe3 40.Qxd5+ Kh8  0-1

[Event "BCF-ch"]
[Site "Brighton"]
[Date "1980.08.07"]
[Round "4"]
[White "Chandler, Murray G"]
[Black "Lee, Graham D"]
[Result "1/2-1/2"]
[WhiteElo "2450"]
[BlackElo "2280"]

1.d4 Nf6 2.c4 e6 3.Nf3 b6 4.Nc3 Bb7 5.a3 Ne4 6.Nxe4 Bxe4 7.e3 Be7 8.Bd3 d5
9.Bxe4 dxe4 10.Nd2 f5 11.f3 Bd6 12.g3 Qg5 13.Qe2 Qh5 14.fxe4 Bxg3+ 15.Kd1 Qxe2+
16.Kxe2 Bh4 17.b4 Nd7 18.Bb2 O-O 19.Rhg1 Rf7 20.Nf3 Be7 21.e5 Rff8 22.d5 Rfe8
23.Nd4 Nf8 24.dxe6 g6 25.Nxf5 Nxe6 26.Nd4 Bf8 27.Rad1 Bg7 28.Nxe6 Rxe6 29.Rd7 a5
30.b5 c6 31.bxc6 Rxc6 32.Rg4 Re8 33.Re4 Rce6 34.Rd5 g5 35.Rg4 h6 36.Re4 Kf7
37.Rb5 Kg6 38.Bd4 Kf5 39.Kf3 h5 40.h3 Rg8 41.Bxb6 Bxe5 42.Rd4 g4+ 43.hxg4+ hxg4+
44.Kg2 Rb8 45.Rf4+ Kg5 46.Re4 Rbxb6 47.Rexe5+ Rxe5 48.Rxe5+ Kh4 49.Rb5 Rd6  1/2-1/2

[Event "Bad Kissingen"]
[Site "Bad Kissingen"]
[Date "1980.??.??"]
[Round "?"]
[White "Spassky, Boris V"]
[Black "Huebner, Robert"]
[Result "1/2-1/2"]
[WhiteElo "2615"]
[BlackElo "2600"]

1.d4 Nf6 2.c4 e6 3.Nf3 b6 4.Nc3 Bb4 5.Bg5 Bb7 6.e3 h6 7.Bh4 g5 8.Bg3 Ne4
9.Qc2 Bxc3+ 10.bxc3 Nxg3 11.hxg3 Nc6 12.d5  1/2-1/2

[Event "HUN-ch"]
[Site "Budapest"]
[Date "1980.??.??"]
[Round "?"]
[White "Lukacs, Peter"]
[Black "Rigo, Janos"]
[Result "1-0"]
[WhiteElo "2405"]
[BlackElo "2375"]

1.d4 Nf6 2.c4 e6 3.Nf3 b6 4.Nc3 Bb4 5.Bg5 Bb7 6.e3 h6 7.Bh4 O-O 8.Bd3 d5
9.cxd5 Qxd5 10.O-O Bxc3 11.bxc3 Nbd7 12.Re1 c5 13.e4 Qh5 14.Bg3 Rfd8 15.Qd2 c4
16.Bc2 Nc5 17.Qf4 Nd3 18.Bxd3 cxd3 19.Bh4 Rdc8 20.Bxf6 gxf6 21.Qxf6 Rxc3
22.d5 Rc4 23.Ne5 exd5 24.g4 Rc6 25.Nxc6 Qxg4+ 26.Kh1 Bxc6 27.Rg1 Bd7 28.Rxg4+ Bxg4
29.Rg1  1-0

[Event "HUN-ch+"]
[Site "Budapest"]
[Date "1980.??.??"]
[Round "?"]
[White "Barczay, Laszlo"]
[Black "Petran, Pal"]
[Result "1-0"]
[WhiteElo "2450"]
[BlackElo "2445"]

1.d4 Nf6 2.c4 e6 3.Nf3 b6 4.Nc3 Bb4 5.Qb3 a5 6.g3 Nc6 7.Bg2 a4 8.Qc2 Ba6
9.O-O a3 10.Nb5 axb2 11.Bxb2 Na5 12.d5 c6 13.dxc6 dxc6 14.Bc3 Bc5 15.Rad1 Qc8
16.Bxa5 cxb5 17.Bc3 O-O 18.Ng5 h6 19.Bxa8 hxg5 20.Bg2 bxc4 21.Qb2 Ne8 22.Rd2 Bb7
23.Bxb7 Qxb7 24.Rfd1 b5 25.Rb1 Nd6 26.Bxg7 Ne4 27.Rd4 Bxd4 28.Qxd4 Rc8 29.Bh6 f6
30.f3 Qd5 31.Qxd5 exd5 32.fxe4 Kh7 33.Bxg5 fxg5 34.exd5 c3 35.Kf2 Kg6 36.Ke3 Ra8
37.Rxb5 Rxa2 38.Rc5 c2 39.Kd3 Ra5 40.Rc6+ Kf5 41.e4+ Kg4  1-0

[Event "Buenos Aires"]
[Site "Buenos Aires"]
[Date "1980.??.??"]
[Round "?"]
[White "Browne, Walter S"]
[Black "Giardelli, Sergio C"]
[Result "1/2-1/2"]
[WhiteElo "2540"]
[BlackElo "2300"]

1.d4 Nf6 2.Nf3 e6 3.c4 b6 4.Nc3 Bb7 5.a3 d5 6.cxd5 Nxd5 7.e3 Be7 8.Bb5+ c6
9.Bd3 Nxc3 10.bxc3 c5 11.e4 Nc6 12.Bb2 Rc8 13.O-O cxd4 14.cxd4 O-O 15.Qe2 Bf6
16.Rad1 Na5 17.Rfe1 Bc6 18.d5 exd5 19.exd5 Bxb2 20.Qxb2 Ba4 21.Rd2 Nb3 22.Rdd1 Na5
23.Rd2 Nb3 24.Rdd1 Na5  1/2-1/2

[Event "Buenos Aires"]
[Site "Buenos Aires"]
[Date "1980.??.??"]
[Round "?"]
[White "Kavalek, Lubomir"]
[Black "Giardelli, Sergio C"]
[Result "1-0"]
[WhiteElo "2600"]
[BlackElo "2300"]

1.d4 Nf6 2.Nf3 b6 3.c4 e6 4.Nc3 Bb7 5.a3 d5 6.cxd5 exd5 7.Bg5 Be7 8.Bxf6 Bxf6
9.g3 O-O 10.Bg2 Qe7 11.O-O Rd8 12.Rc1 Nd7 13.b4 Nf8 14.Qb3 Ne6 15.Rfd1 c6
16.e3 Rac8 17.Ne1 Ng5 18.b5 c5 19.Nxd5 Bxd5 20.Bxd5 cxd4 21.Rxc8 Rxc8 22.exd4 Bxd4
23.Rxd4 Qxe1+ 24.Kg2 g6 25.Bc6 Qe6 26.Qd1 Qf6 27.Rd7 a5 28.Rd6 Ne6 29.Bd7 Rd8
30.Bxe6 Rxd6 31.Qxd6 Qxe6 32.Qxe6 fxe6 33.Kf3 Kf7 34.Ke4 Kf6 35.f4 a4 36.g4 g5
37.fxg5+ Kxg5 38.Ke5 Kxg4 39.Kxe6 h5 40.Kd6 h4 41.Kc6 Kh3  1-0

[Event "Malta ol (Men)"]
[Site "La Valetta"]
[Date "1980.??.??"]
[Round "?"]
[White "Skembris, Spyridon"]
[Black "Polugaevsky, Lev"]
[Result "1/2-1/2"]
[WhiteElo "2315"]
[BlackElo "2635"]

1.d4 Nf6 2.c4 e6 3.Nf3 b6 4.Nc3 Bb7 5.a3 d5 6.cxd5 Nxd5 7.Qc2 Be7 8.Nxd5 exd5
9.Bf4 c5 10.dxc5 bxc5 11.e4 dxe4 12.Bb5+ Kf8 13.Nd2 Qb6 14.Bc4 Nc6 15.Qxe4 Nd4
16.Qd3 Qf6 17.Be3 Bxg2 18.Rg1 Rd8 19.O-O-O Bc6 20.Rg4 Ne6 21.Qb3 h5 22.Rg3 Nd4
23.Qc3 Qd6 24.Nb3 Bf6 25.Qa5 h4 26.Rg4 Bf3 27.Bxd4 Bxd4 28.Rgxd4 cxd4 29.Rxd4 Qh6+
30.Kb1 Rxd4 31.Nxd4 Be4+ 32.Ka2 Qb6 33.Qe5 Bg6 34.f4 Rh6 35.Bd5 Bh7 36.f5 Rd6
37.Nb5 Rd8 38.Nc3 Qd6 39.Qe4 Qe7 40.Qg4 Qf6 41.Be4 Qe5  1/2-1/2

[Event "Malta ol (Men)"]
[Site "La Valetta"]
[Date "1980.??.??"]
[Round "?"]
[White "Farago, Ivan"]
[Black "Langeweg, Kick"]
[Result "0-1"]
[WhiteElo "2505"]
[BlackElo "2425"]

1.d4 Nf6 2.c4 e6 3.Nf3 b6 4.Nc3 Bb4 5.Bg5 Bb7 6.e3 h6 7.Bh4 g5 8.Bg3 Ne4
9.Qc2 Bxc3+ 10.bxc3 d6 11.Bd3 Nxg3 12.hxg3 Nd7 13.a4 Ke7 14.a5 c5 15.d5 Nf6
16.e4 e5 17.Nd2 Bc8 18.Ke2 Bd7 19.Qa2 Rb8 20.axb6 axb6 21.Nf1 Qc7 22.Ne3 h5
23.f3 Rhc8 24.Bc2 Rb7 25.Bb3 Rcb8 26.Qd2 Ra7 27.Rxa7 Qxa7 28.Nc2 Rg8 29.Ra1 Qb7
30.Ba4 Ra8 31.Bxd7 Rxa1 32.Nxa1 Qa6 33.Bb5 Qxa1 34.Qxg5 Qg1 35.Qe3 Qxg2+
36.Qf2 Qh3 37.Kd3 Qh1 38.Ke2 h4 39.gxh4 Nh5 40.Kd2 Qa1 41.Qe1 Qb2+ 42.Kd1 Nf4
43.h5 Qb1+ 44.Kd2 Qb2+ 45.Kd1 Qh2 46.h6 Qxh6 47.Qg3 Qh1+ 48.Kc2 Qg2+ 49.Qxg2 Nxg2
50.Kd3 Kf6 51.Be8 Kg6 52.Ke2 Nf4+ 53.Ke3 Nh5 54.Ba4 Kg7 55.Bd7 Nf4 56.Kd2 Kh6
57.Ke3 Kg5 58.Be8 f6 59.Bd7 Kh4 60.Kf2 Nd3+ 61.Kg2 Nb2 62.Bb5 Nd1 63.Bd7 Ne3+
64.Kf2 Nxc4  0-1

[Event "Makarczyk mem"]
[Site "Lodz"]
[Date "1980.??.??"]
[Round "6"]
[White "Luczak, Andrzej"]
[Black "Kojder, Konrad"]
[Result "1/2-1/2"]
[WhiteElo "2430"]
[BlackElo "2430"]

1.d4 Nf6 2.c4 e6 3.Nf3 b6 4.Nc3 Bb7 5.Bg5 Be7 6.e3 h6 7.Bh4 O-O 8.Bd3 c5
9.O-O cxd4 10.exd4 d5 11.Qe2 dxc4 12.Bxc4 Nc6 13.Rad1 Nb4 14.Ne5 Nfd5 15.Bxe7 Qxe7
16.f4 Nxc3 17.bxc3 Nd5 18.Rd3 Rac8 19.Rg3 b5 20.Bxd5 Bxd5 21.Qxb5 Bxa2 22.Ra1 Bd5
23.f5 Rfd8 24.f6 Qxf6 25.Rf1 Qe7 26.Rxf7 Qxf7 27.Nxf7 Kxf7 28.Qd3 Kg8 29.Qa6 Rf8
30.Qxa7 Rf7 31.Qb6 Rb7 32.Qd6 Rb1+ 33.Kf2 Ra8 34.Qc7 Ra2+ 35.Ke3 Re1+ 36.Kd3 Rd1+
37.Ke3 Re1+ 38.Kd3 Rd1+ 39.Ke3 Re1+  1/2-1/2

[Event "Makarczyk mem"]
[Site "Lodz"]
[Date "1980.??.??"]
[Round "15"]
[White "Farago, Ivan"]
[Black "Kharitonov, Andrei Y"]
[Result "1/2-1/2"]
[WhiteElo "2505"]
[BlackElo "2435"]

1.d4 Nf6 2.c4 e6 3.Nf3 b6 4.Nc3 Bb7 5.a3 d5 6.cxd5 exd5 7.Bf4 Bd6 8.Bxd6 Qxd6
9.g3 O-O 10.Bg2 c6 11.O-O  1/2-1/2

[Event "Los Polvorines op"]
[Site "Los Polvorines"]
[Date "1980.??.??"]
[Round "?"]
[White "Browne, Walter S"]
[Black "Smyslov, Vassily"]
[Result "1/2-1/2"]
[WhiteElo "2540"]
[BlackElo "2550"]

1.d4 Nf6 2.Nf3 b6 3.c4 e6 4.Nc3 Bb7 5.a3 d5 6.cxd5 Nxd5 7.e3 Be7 8.Bb5+ c6
9.Bd3 c5 10.e4 Nxc3 11.bxc3 Nc6 12.O-O Rc8 13.Be3 cxd4 14.cxd4 O-O 15.Qe2 Kh8
16.Rfd1 Na5 17.a4 f5 18.exf5 exf5 19.Bf4 Nb3 20.Rab1 Bxf3 21.Qxf3 Nxd4 22.Qb7  1/2-1/2

[Event "Los Polvorines op"]
[Site "Los Polvorines"]
[Date "1980.??.??"]
[Round "?"]
[White "Browne, Walter S"]
[Black "Ucha, Luis"]
[Result "1-0"]
[WhiteElo "2540"]
[BlackElo "2200"]

1.d4 Nf6 2.Nf3 e6 3.c4 b6 4.Nc3 Bb7 5.a3 Be7 6.d5 O-O 7.e4 d6 8.Bd3 c5 9.O-O Na6
10.b3 Re8 11.Bb2 Bf8 12.dxe6 Rxe6 13.Ng5 Re8 14.Nd5 Nxd5 15.Qh5  1-0

[Event "New York Inv"]
[Site "New York"]
[Date "1980.??.??"]
[Round "9"]
[White "Chandler, Murray G"]
[Black "Burger, Karl"]
[Result "1-0"]
[WhiteElo "2450"]
[BlackElo "2335"]

1.d4 Nf6 2.c4 e6 3.Nf3 b6 4.Nc3 Bb7 5.a3 Ne4 6.Nxe4 Bxe4 7.e3 c5 8.d5 Qf6
9.dxe6 dxe6 10.Bd3 Bxd3 11.Qxd3 Nc6 12.Bd2 Qg6 13.Qxg6 hxg6 14.Bc3 f6 15.Ke2 Be7
16.b4 cxb4 17.axb4 Bxb4 18.Bxb4 Nxb4 19.Rhb1 Nc6 20.Rxb6 Rc8 21.Rb7 O-O 22.Nd4 Nd8
23.Rd7 Rf7 24.Raxa7 Rxd7 25.Rxd7 e5 26.Nb3 Ne6 27.Re7 Rc6 28.Kd3 Kf8 29.Rb7 f5
30.Kc3 Ra6 31.Rb5 Ng5 32.f3 Ra2 33.Rxe5 Rxg2 34.c5 Rxh2 35.c6 Kf7 36.Nd4 Rh8
37.Kc4 Kf6 38.Rd5 Nf7 39.Kc5 Rh1 40.c7 Rc1+ 41.Kb6 Rb1+ 42.Nb5  1-0

[Event "URS-ch U26"]
[Site "Riga"]
[Date "1980.??.??"]
[Round "?"]
[White "Gavrikov, Viktor"]
[Black "Kengis, Edvins"]
[Result "0-1"]
[WhiteElo "2365"]
[BlackElo "2390"]

1.d4 Nf6 2.c4 e6 3.Nf3 b6 4.Nc3 Bb7 5.a3 d5 6.cxd5 exd5 7.g3 Be7 8.Bg2 O-O
9.O-O c5 10.Bf4 Na6 11.Ne5 Ne4 12.Nxe4 dxe4 13.dxc5 Nxc5 14.Qc2 a5 15.Rad1 Qc8
16.b4 axb4 17.axb4 Ne6 18.Qb3 Ba6 19.Rd7 Bf6 20.Rc1 Nxf4 21.Rxc8 Nxe2+ 22.Kh1 Bxc8
23.Rd1 Bxe5 24.Qd5 Nc3 25.Qxa8 Nxd1 26.Qd5 Nxf2+ 27.Kg1 Ng4 28.h3 Bxg3 29.hxg4 e3
30.Qc6 Be6 31.Bf3 h5 32.gxh5 Rb8 33.Kg2 Bf2 34.Qd6 Re8 35.Qxb6 Bh3+ 36.Kxh3 e2
37.Qxf2 e1=Q 38.Qxe1 Rxe1 39.b5 Rb1 40.Bc6 Rb4 41.Kg3 Kf8 42.Kf3 Ke7 43.Ke3 Kd6
44.Be8 Kc5 45.Bxf7 Kxb5 46.Kf3 Kc5 47.Kg3 Kd6 48.Be8 Ke7 49.Bg6 Kf6 50.Be8 Kg5
51.Bg6 Rh4 52.Be8 Rxh5 53.Bd7 Rh4 54.Be6 Ra4  0-1

[Event "Candidats (Women) sf2"]
[Site "Vilnius"]
[Date "1980.??.??"]
[Round "10"]
[White "Alexandria, Nana"]
[Black "Litinskaya, Marta I"]
[Result "1-0"]
[WhiteElo "2335"]
[BlackElo "2280"]

1.d4 Nf6 2.c4 e6 3.Nf3 b6 4.Nc3 Bb7 5.a3 d5 6.cxd5 exd5 7.g3 Bd6 8.Bg2 O-O
9.O-O c6 10.Ne5 Qe7 11.Nd3 Nbd7 12.Bf4 Rfe8 13.Rc1 Ne4 14.e3 Nxc3 15.Rxc3 Qe6
16.Bxd6 Qxd6 17.Qc2 Rad8 18.Rc1 Qh6 19.b4 a6 20.a4 Nb8 21.b5 axb5 22.axb5 cxb5
23.Rc7 Ba8 24.Ne5 Qe6 25.Nxf7 Rd7 26.Ne5 Rxc7 27.Qxc7 Na6 28.Qa7 Nb4 29.Rc7 Qh6
30.Qa3 Qd6 31.Ra7 Qb8 32.Nd7  1-0

[Event "Bochum"]
[Site "Bochum"]
[Date "1981.??.??"]
[Round "?"]
[White "Chandler, Murray G"]
[Black "Schussler, Harry"]
[Result "1/2-1/2"]
[WhiteElo "2455"]
[BlackElo "2445"]

1.d4 Nf6 2.c4 e6 3.Nf3 b6 4.Nc3 Bb7 5.Bf4 Bb4 6.Qb3 a5 7.e3 Nc6 8.Bd3 a4
9.Qc2 a3 10.O-O axb2 11.Qxb2 O-O 12.Nb5 Rc8 13.e4 Be7 14.Rae1 Nh5 15.Bd2 d5
16.cxd5 exd5 17.exd5 Na5 18.Qc2 Nf6 19.Na7 Ra8 20.Nc6 Nxc6 21.dxc6 Ba6 22.Bxa6 Rxa6
23.Re5 Ne8 24.Rfe1 Bf6 25.Bg5 Qa8 26.R5e2 Bxg5 27.Nxg5 Nf6 28.Nf3 g6 29.Ne5 Qd8
30.Qc4 Ra5 31.h3 Qd5 32.Qb4 Kg7 33.Qe7 Qd8 34.Nc4 Ra4 35.Rc1 b5 36.Nd2 Rxa2
37.Qb4 Nd5 38.Qxb5 Qg5 39.h4 Qf5 40.Rc5 Rd8 41.Nf1 Rxe2 42.Qxe2 Nf4 43.Qe5+ Qf6
44.Ne3 Ne2+ 45.Kf1 Nxd4 46.Qxf6+ Kxf6  1/2-1/2

[Event "Bochum"]
[Site "Bochum"]
[Date "1981.??.??"]
[Round "?"]
[White "Chandler, Murray G"]
[Black "Van der Wiel, John TH"]
[Result "1/2-1/2"]
[WhiteElo "2455"]
[BlackElo "2465"]

1.d4 Nf6 2.c4 e6 3.Nf3 b6 4.Nc3 Bb4 5.Qb3 c5 6.Bf4 Nc6 7.dxc5 Ne4 8.cxb6 Qxb6
9.e3 Qa5 10.Rc1 e5 11.Bg3 Rb8 12.Qc2 Nxc3 13.bxc3 Ba3 14.Rb1 Rxb1+ 15.Qxb1 Qxc3+
16.Kd1 Ke7 17.Bd3 Nb4 18.Ke2 Nxd3 19.Qxd3 Qxd3+ 20.Kxd3 d6  1/2-1/2

[Event "Bochum"]
[Site "Bochum"]
[Date "1981.??.??"]
[Round "?"]
[White "Borik, Otto"]
[Black "Schussler, Harry"]
[Result "1/2-1/2"]
[WhiteElo "2390"]
[BlackElo "2445"]

1.d4 Nf6 2.c4 e6 3.Nf3 b6 4.Nc3 Bb7 5.Bg5 Be7 6.Qc2 h6 7.Bf4 c5 8.Rd1 cxd4
9.Nxd4 a6 10.e4 d6 11.Bg3 Nbd7 12.Be2 O-O 13.O-O Qc7 14.f4 Rfe8 15.Kh1 Nc5
16.Bf3 Bf8 17.Qe2 Rac8 18.b3 Ncd7 19.e5 dxe5 20.fxe5 Nh7 21.Ndb5 axb5 22.Nxb5 Bxf3
23.Qxf3 Ng5 24.Qe2 Qc5 25.h4 Nh7 26.a3 Rcd8 27.b4 Qe7 28.Nd6 Nxe5 29.Qxe5 Rxd6
30.Qxd6 Qb7 31.Qd7 Qxd7 32.Rxd7 Rc8 33.Rc7 Rd8 34.Rc6 Rd3 35.Bc7 Rxa3 36.Rxb6 Rc3
37.c5 Nf6 38.Be5 Rc4 39.Bxf6 gxf6 40.g3 Kg7 41.Rb7 f5 42.Kg2 Kg6 43.Rd1 Bg7
44.Rb6 Kh5 45.c6 Kg4 46.Rd3 Rc2+ 47.Kf1 e5 48.Rd5 e4 49.Rc5 Bc3 50.Rbb5 Rc1+
51.Kf2 Rc2+ 52.Ke3 Rc1 53.Kf2 Rc2+ 54.Kf1 Rc1+ 55.Kg2 Rc2+ 56.Kf1  1/2-1/2

[Event "Bochum"]
[Site "Bochum"]
[Date "1981.??.??"]
[Round "?"]
[White "Garcia Gonzales, Guillermo"]
[Black "Van der Wiel, John TH"]
[Result "1-0"]
[WhiteElo "2520"]
[BlackElo "2465"]

1.d4 Nf6 2.c4 e6 3.Nf3 b6 4.Nc3 Bb4 5.e3 Ne4 6.Qb3 Bxc3+ 7.bxc3 Bb7 8.Be2 f5
9.Ba3 Qf6 10.Rc1 Nc6 11.c5 g5 12.Qb2 g4 13.Nd2 Nxd2 14.Kxd2 Na5 15.Rhg1 Qh4
16.Bb4 Qxf2 17.Bxa5 Ba6 18.c4 f4 19.exf4 Qxf4+ 20.Kd1 bxa5 21.Rf1 Qe4 22.d5 Rg8
23.Qf6 Qg6 24.Qe5 Rf8 25.Rxf8+ Kxf8 26.Kd2 Kg8 27.Rf1 Qg7 28.Rf6 Rf8 29.Rxf8+ Kxf8
30.Qxc7 Qb2+ 31.Ke3 Qc3+ 32.Bd3 Qe1+ 33.Kf4 Qd2+ 34.Ke5 Qg5+ 35.Kd4 Qf6+
36.Qe5 Qf2+ 37.Qe3 Qf6+ 38.Qe5 Qf2+ 39.Kc3 Qxc5 40.Qf6+ Ke8 41.dxe6 Qa3+
42.Kd2 Qb4+ 43.Kd1 Bc8 44.Qh8+ Qf8 45.exd7+ Bxd7 46.Qxf8+ Kxf8 47.Bxh7 Ke7
48.Kd2 Kd6 49.Bd3 Kc5 50.Kc3 Bc8 51.a3 Bd7 52.Bf1 Bc8 53.h4 gxh3 54.gxh3 Be6
55.h4 Bg4 56.Bd3 Bh5 57.Bc2 Bf7 58.Bd1  1-0